000 00511nam a2200181Ia 4500
005 20250508161514.0
008 008 250505s9999 xx 000 0 eng d
037 _aTextual
040 _aFEDL
_beng
_cFEDL
041 _aeng
_2eng
084 _a307, BRA
_qFEDL
100 _aBramwell R. D.
245 0 _aYour folk and mind : A thrid book of social studies
260 _aEdinburgh
_bE. J. Arnold and Son Ltd.
_c1951
300 _a254p.
942 _cTEXL
_h307, BRA
999 _c1370389
_d1370389